|
|
|
|
| LEADER |
00000nam a2200000 a 4500 |
| 001 |
vtls009087676 |
| 003 |
SK-MaSNL |
| 005 |
20260301023406.0 |
| 008 |
240314s2007 xo o g 010 0bslo |
| 015 |
|
|
|a SNBA2007/09-04249
|
| 020 |
|
|
|a 9788096967315
|q (viaz.)
|
| 035 |
|
|
|a 572BDF8A-D388-49C3-A368-6E4094DB678C
|
| 035 |
|
|
|a urn:nbn:sk:snk-aml8ev
|
| 035 |
|
|
|a urn:nbn:sk:snk-am008sct
|
| 040 |
|
|
|a SNK
|b slo
|c SNK
|e AACR2
|
| 041 |
0 |
|
|a slo
|
| 044 |
|
|
|a xo
|c SK
|
| 072 |
|
7 |
|a 929
|x Biografie
|2 konspekt
|
| 072 |
|
7 |
|a 271/279
|x Kresťanské cirkvi, sekty, denominácie
|2 konspekt
|
| 080 |
|
|
|a 929
|2 2001
|
| 080 |
|
|
|a 272-726.3
|2 2001
|
| 080 |
|
|
|a (092)
|2 2001
|
| 100 |
1 |
|
|a Kováč Adamov, Štefan,
|d 1957-
|4 aut
|9 160502
|
| 245 |
1 |
0 |
|a Kadiaľ ja idem, to je hlavná, alebo, Aj taký bol môj život
|c [Štefan Kováč]
|
| 246 |
3 |
0 |
|a Aj taký bol môj život
|
| 250 |
|
|
|a 1. vyd.
|
| 260 |
|
|
|a [Trávnica]
|b Štefan Kováč
|c 2007
|
| 300 |
|
|
|a 159 s.
|b fotogr. (čiast. fareb.)
|c 21 cm
|
| 366 |
|
|
|e Nepredajné
|
| 500 |
|
|
|a Miesto vydania uvedené podľa ISBN
|
| 500 |
|
|
|a S podpisom a venovaním Ladislava Dorušáka
|
| 600 |
1 |
7 |
|a Dorušák, Ladislav,
|d 1923-1997
|2 SNKMA
|9 177277
|
| 650 |
0 |
7 |
|a Catholic priests
|2 SNKPHeng
|9 267999
|
| 650 |
0 |
7 |
|a katolícki kňazi
|2 SNKPH
|9 1290
|
| 655 |
|
7 |
|a biografie
|2 SNKPH
|9 27965
|
| 655 |
|
7 |
|a Biography
|2 SNKPH
|9 266314
|
| 919 |
|
|
|a 978-80-969673-1-5
|
| 958 |
|
|
|a BX
|
| 958 |
|
|
|a NT
|
| 958 |
|
|
|a OND
|
| 968 |
|
|
|d 2
|
| 999 |
|
|
|c 569092
|d 571022
|
| 952 |
|
|
|a SNK
|b SNK
|y PREZ
|7 0
|p 17A0559977
|o snkSC 129020
|i snk2007/19005
|8 0
|0 0
|1 0
|4 0
|d 2007-08-17
|f 1
|l 0
|r 2025-06-18 00:00:00
|w 2026-02-23
|
| 952 |
|
|
|a SNK
|b SNK
|y VYP
|7 0
|p 17A0559978
|o snkSC 129020 D1
|i snk2007/19006
|8 0
|0 0
|1 0
|4 0
|d 2007-08-17
|l 0
|r 2026-02-23 14:09:41
|w 2026-02-23
|